LEADER 02953nam 2200721z- 450 001 9910557135003321 005 20210501 035 $a(CKB)5400000000040703 035 $a(oapen)https://directory.doabooks.org/handle/20.500.12854/68517 035 $a(oapen)doab68517 035 $a(EXLCZ)995400000000040703 100 $a20202105d2021 |y 0 101 0 $aeng 135 $aurmn|---annan 181 $ctxt$2rdacontent 182 $cc$2rdamedia 183 $acr$2rdacarrier 200 00$aZnO Nanostructures for Tissue Regeneration, Drug-Delivery and Theranostics Applications 210 $aBasel, Switzerland$cMDPI - Multidisciplinary Digital Publishing Institute$d2021 215 $a1 online resource (106 p.) 311 08$a3-0365-0656-X 311 08$a3-0365-0657-8 330 $aNanostructured zinc oxide materials are capturing a great deal of interest thanks to their outstanding and multifunctional properties, enabling broad series of intervention in the field of nanomedicine. ZnO can be easily prepared in a broad variety of shapes and shows anticancer and antimicrobial properties that are of interest for tissue engineering, controlled delivery of therapeutics, and even theranostics. This book is thus dedicated to the most recent advances in the field, presented as a collection of research papers and reviews. It spans from the synthesis and characterization of ZnO nanomaterials to their applications in the nanomedicine field, ranging from anticancer nanotherapeutics to dental implants and antibacterial agents. 606 $aTechnology: general issues$2bicssc 610 $aanti-inflammation 610 $aanti-tumour 610 $aantibacterial 610 $aantifungal 610 $aantimicrobial activity 610 $aCandida albicans 610 $acell cytotoxicity 610 $adenture stomatitis 610 $adiabetes treatment 610 $adrug delivery 610 $ahydrodynamic size 610 $aibuprofen 610 $amesoporous glasses 610 $amicrowave solvothermal synthesis 610 $an/a 610 $ananocrystals 610 $aNsZnO 610 $aosteogenic effect 610 $aosteostatin loading 610 $aosteosteoblast cell cultures 610 $apolymethylmethacrylate 610 $aQuantum dots 610 $aSupercritical CO2 610 $asurface chemistry 610 $atheranostic 610 $awound healing 610 $azinc oxide 610 $azinc oxide nanoparticles 610 $aZnO nanoparticles 610 $aZnO-additions 615 7$aTechnology: general issues 700 $aCauda$b Valentina$4edt$01322891 702 $aLaurenti$b Marco$4edt 702 $aCauda$b Valentina$4oth 702 $aLaurenti$b Marco$4oth 906 $aBOOK 912 $a9910557135003321 996 $aZnO Nanostructures for Tissue Regeneration, Drug-Delivery and Theranostics Applications$93035225 997 $aUNINA